ARRUPE JESUIT UNIVERSITY

CORONAVIRUS -STOP THE SPREAD - CLEAN,DISINFECT,COVER

Socio-political aspects of the palaver in some African countries. (Record no. 125243)

MARC details
000 -LEADER
fixed length control field 01125cam a2200385 i 4500
001 - CONTROL NUMBER
control field 481356
003 - CONTROL NUMBER IDENTIFIER
control field ARRUPE
005 - DATE AND TIME OF LATEST TRANSACTION
control field 20160914115225.0
008 - FIXED-LENGTH DATA ELEMENTS--GENERAL INFORMATION
fixed length control field 860610s1979 fr b i000 0 eng
010 ## - LIBRARY OF CONGRESS CONTROL NUMBER
LC control number 79123030//r863
015 ## - NATIONAL BIBLIOGRAPHY NUMBER
National bibliography number F***
020 ## - INTERNATIONAL STANDARD BOOK NUMBER
International Standard Book Number 9231016415
035 ## - SYSTEM CONTROL NUMBER
System control number (OCoLC)5972219
035 ## - SYSTEM CONTROL NUMBER
System control number (OCoLC)ocm05972219
035 ## - SYSTEM CONTROL NUMBER
System control number (CStRLIN)NYCG86-B59023
035 ## - SYSTEM CONTROL NUMBER
System control number (NNC)481356
040 ## - CATALOGING SOURCE
Transcribing agency Arrupe
043 ## - GEOGRAPHIC AREA CODE
Geographic area code f------
050 0# - LIBRARY OF CONGRESS CALL NUMBER
Classification number GN645
Item number .S59
082 0# - DEWEY DECIMAL CLASSIFICATION NUMBER
Classification number 960
Edition number 19
090 ## - LOCALLY ASSIGNED LC-TYPE CALL NUMBER (OCLC); LOCAL CALL NUMBER (OCLC)
Classification number (OCLC) (R) ; Classification number, CALL (RLIN) (NR) GN645
Local cutter number (OCLC) ; Book number/undivided call number, CALL (RLIN) .S59
300 ## - PHYSICAL DESCRIPTION
Dimensions 21 cm.
245 00 - TITLE STATEMENT
Title Socio-political aspects of the palaver in some African countries.
260 ## - PUBLICATION, DISTRIBUTION, ETC. (IMPRINT)
Place of publication, distribution, etc Paris :
Name of publisher, distributor, etc UNESCO,
Date of publication, distribution, etc 1979.
300 ## - PHYSICAL DESCRIPTION
Extent 93 p. ;
490 1# - SERIES STATEMENT
Series statement Introduction to African culture ;
Volume number/sequential designation 2
504 ## - BIBLIOGRAPHY, ETC. NOTE
Bibliography, etc Includes bibliographies.
650 #0 - SUBJECT ADDED ENTRY--TOPICAL TERM
Topical term or geographic name as entry element Political anthropology
Geographic subdivision Africa.
9 (RLIN) 25823
650 #0 - SUBJECT ADDED ENTRY--TOPICAL TERM
Topical term or geographic name as entry element Public meetings.
9 (RLIN) 25824
651 #0 - SUBJECT ADDED ENTRY--GEOGRAPHIC NAME
Geographic name Africa
General subdivision Politics and government
Chronological subdivision 1960-
9 (RLIN) 25825
651 #0 - SUBJECT ADDED ENTRY--GEOGRAPHIC NAME
Geographic name Africa
General subdivision Social conditions
Chronological subdivision 1960-
9 (RLIN) 25826
710 2# - ADDED ENTRY--CORPORATE NAME
Corporate name or jurisdiction name as entry element Unesco.
9 (RLIN) 23233
830 #0 - SERIES ADDED ENTRY--UNIFORM TITLE
Uniform title Introduction to African culture ;
Volume number/sequential designation 2.
9 (RLIN) 25827
942 ## - ADDED ENTRY ELEMENTS (KOHA)
Source of classification or shelving scheme Library of Congress Classification
Koha item type Monograph ( Printed materials)
Holdings
Withdrawn status Lost status Source of classification or shelving scheme Damaged status Not for loan Collection code Home library Current library Shelving location Date acquired Total Checkouts Full call number Barcode Date last seen Price effective from Koha item type
    Library of Congress Classification     Main Collection ARRUPE LIBRARY ARRUPE LIBRARY Main Collection 14/09/2016   GN645 .S59 46500010136 09/04/2018 14/09/2016 Monograph ( Printed materials)

 

Arrupe Library. PO Box MP320 Mt Pleasant, Harare, Zimbabwe
263 242 745411|librarian@aju.ac.zw